000 00772nam a2200229 u 4500
005 20230623063605.0
008 120820s2005 mx r 000 0 spa d
020 _a9702407974
035 _aUPN01000186274
049 _aI
050 4 _aPZ78
_bM3.33
100 1 _aMacías, Elva,
_d1944-
_930163
245 1 3 _aLa danza de los parachicos, ó, La leyenda de doña María de Angulo /
_cElva Macías ; il. César Manuel Olvera.
260 _aMéxico :
_bPatria,
_cc2005.
300 _a31 p. :
_bil. col.
440 0 _aPiñata.
_pCuentos, leyendas y tradiciones
650 4 _aCuentos infantiles mexicanos
_97723
650 4 _aLEYENDAS MEXICANAS -
_vLITERATURA INFANTIL
_922017
740 3 _aLa leyenda de doña María de Angulo
905 _aInfantil
999 _c158377
_d158377